Statistics for Second Largest Canadian Cities by Province and Territory

Click here to take the quiz!

General Stats

  • This quiz has been taken 18 times
  • The average score is 7 of 13

Answer Stats

Province/TerritoryPopulationCity% Correct
Alberta972,223Edmonton
94%
Quebec532,505Quebec City
88%
Saskatchewan226,368Regina
88%
Ontario940,179Ottawa
75%
New Brunswick68,043St. John
63%
British Columbia547,961Surrey
56%
Yukon1,375Dawson
44%
Manitoba48,859Brandon
38%
Nova Scotia29,904Sydney
38%
Nunavut2,842Rankin Inlet
25%
Northwest Territories3,528Hay River
19%
Prince Edward Island14,829Summerside
19%
Newfoundland and Labrador26,199Conception Bay South
13%

Score Distribution

Percentile by Number Answered

Percent of People with Each Score

Your Score History

You have not taken this quiz